Complementary currency systems as a source of endogenous development of localities

Problematika regionálneho a sociálneho rozvoja. Zo sociologického uhla pohľadu sa zameriava na fenomén doplnkových peňažných systémov. Analýza ukazuje, že peniaze ako sociálne inštitúcie majú určité vlastnosti, ktoré ovplyvňujú ekonomické správanie ľudí. Ustanovenie lokálnej meny, ktorá by fungovala...

Descrizione completa

Salvato in:
Dettagli Bibliografici
Autore principale: Zagata, Lukáš
Natura: Capitolo di libro
Lingua:inglese
Soggetti:
Tags: Aggiungi Tag
Nessun Tag, puoi essere il primo ad aggiungerne!!

MARC

LEADER 00000naa$a2200000$$$4500
001 0023166
005 20231113140745.9
041 0 |a eng 
044 |a CZ 
245 1 0 |a Complementary currency systems as a source of endogenous development of localities  |c Lukáš Zagata 
520 |a Problematika regionálneho a sociálneho rozvoja. Zo sociologického uhla pohľadu sa zameriava na fenomén doplnkových peňažných systémov. Analýza ukazuje, že peniaze ako sociálne inštitúcie majú určité vlastnosti, ktoré ovplyvňujú ekonomické správanie ľudí. Ustanovenie lokálnej meny, ktorá by fungovala ako komplement k národnej mene, prináša určité sociálne výhody zúčastneným členom lokálnej spoločnosti. V súčasnej dobe existuje celá rada systémov komplementárnych mien po celom svete, včítane Európy. Táto štúdia sa pokúša odpovedať na otázku, akým spôsobom môžu prispievať k rozvoju lokality. 
610 2 0 |a mena 
610 2 0 |a lokalizácia 
610 2 0 |a rozvoj regionálny 
610 2 0 |a rozvoj sociálny 
610 2 0 |a peniaze 
610 2 0 |a systémy platobné 
610 2 0 |a kapitál sociálny 
610 2 0 |a rozvoj územný 
100 1 |a Zagata, Lukáš